Online
Catalog

Ecología de la información : (Record no. 14106)

MARC details
000 -CABECERA
campo de control de longitud fija 01575cam a2200361 a 4500
001 - NÚMERO DE CONTROL
campo de control 000014517
005 - FECHA Y HORA DE LA ÚLTIMA TRANSACCIÓN
campo de control 20200929163850.0
008 - DATOS DE LONGITUD FIJA--INFORMACIÓN GENERAL
campo de control de longitud fija 020520s2001 cl a b 000 0 spa d
020 ## - NÚMERO INTERNACIONAL ESTÁNDAR DEL LIBRO
Número Internacional Estándar del Libro 9803171828
040 ## - FUENTE DE LA CATALOGACIÓN
Centro catalogador/agencia de origen DO-SdBNP
Lengua de catalogación spa
Centro/agencia transcriptor BNPHU
082 ## - NÚMERO DE LA CLASIFICACIÓN DECIMAL DEWEY
Número de clasificación 304.28
Número de documento/Ítem E19i
245 00 - MENCIÓN DE TÍTULO
Título Ecología de la información :
Resto del título escenarios y actores para la participación ciudadana en asuntos ambientales /
Mención de responsabilidad, etc. Eduardo Gudynas... [et al.]; editor ; Rodrigo Araya Dujisin ; edición al cuidado de Nora López.
246 30 - FORMA VARIANTE DE TÍTULO
Título propio/Titulo breve Escenarios y actores para la participación ciudadana en asuntos ambientales
260 ## - PUBLICACIÓN, DISTRIBUCIÓN, ETC.
Lugar de publicación, distribución, etc. Caracas, Venezuela :
Nombre del editor, distribuidor, etc. Editorial Nueva Sociedad,
Fecha de publicación, distribución, etc. 2001.
300 ## - DESCRIPCIÓN FÍSICA
Extensión 147 p. :
Otras características físicas il. ;
Dimensiones 23 cm.
504 ## - NOTA DE BIBLIOGRAFÍA, ETC.
Nota de bibliografía, etc. Incluye referencias bibliográficas.
650 #4 - PUNTO DE ACCESO ADICIONAL DE MATERIA--TÉRMINO DE MATERIA
Término de materia o nombre geográfico como elemento de entrada Ecología
Subdivisión geográfica América Latina
Subdivisión general Fuentes de información
9 (RLIN) 32817
650 #4 - PUNTO DE ACCESO ADICIONAL DE MATERIA--TÉRMINO DE MATERIA
Término de materia o nombre geográfico como elemento de entrada Ecología
Subdivisión geográfica América Latina
Subdivisión general Servicios de información
9 (RLIN) 32818
650 #4 - PUNTO DE ACCESO ADICIONAL DE MATERIA--TÉRMINO DE MATERIA
Término de materia o nombre geográfico como elemento de entrada Política medio ambiental
Subdivisión geográfica América Latina
Subdivisión general Participación ciudadana
9 (RLIN) 32819
700 1# - PUNTO DE ACCESO ADICIONAL--NOMBRE DE PERSONA
Nombre de persona Araya Dujisin, Rodrigo.
Término indicativo de función/relación ed.
9 (RLIN) 32820
700 1# - PUNTO DE ACCESO ADICIONAL--NOMBRE DE PERSONA
Nombre de persona López, Nora
Término indicativo de función/relación ed.
9 (RLIN) 32821
700 1# - PUNTO DE ACCESO ADICIONAL--NOMBRE DE PERSONA
Nombre de persona Ryan, Daniel
9 (RLIN) 32822
700 1# - PUNTO DE ACCESO ADICIONAL--NOMBRE DE PERSONA
Nombre de persona Svirsky, Enrique
9 (RLIN) 32823
700 1# - PUNTO DE ACCESO ADICIONAL--NOMBRE DE PERSONA
Nombre de persona Pignataron Otman, Gabriela
9 (RLIN) 32824
700 1# - PUNTO DE ACCESO ADICIONAL--NOMBRE DE PERSONA
Nombre de persona Castañares Maddox, Eric
9 (RLIN) 32825
700 1# - PUNTO DE ACCESO ADICIONAL--NOMBRE DE PERSONA
Nombre de persona Rodríguez Aldabe, Yosu
9 (RLIN) 32826
700 1# - PUNTO DE ACCESO ADICIONAL--NOMBRE DE PERSONA
Nombre de persona Torres larrañaga, Valeria
9 (RLIN) 32827
700 1# - PUNTO DE ACCESO ADICIONAL--NOMBRE DE PERSONA
Nombre de persona Gorfinkiel, Denise
9 (RLIN) 32828
700 1# - PUNTO DE ACCESO ADICIONAL--NOMBRE DE PERSONA
Nombre de persona García Rodríguez, Francisco
9 (RLIN) 32829
700 1# - PUNTO DE ACCESO ADICIONAL--NOMBRE DE PERSONA
Nombre de persona Galperín, Carlos
9 (RLIN) 32830
700 1# - PUNTO DE ACCESO ADICIONAL--NOMBRE DE PERSONA
Nombre de persona Da Costa Ferreira, Leila
9 (RLIN) 32831
700 1# - PUNTO DE ACCESO ADICIONAL--NOMBRE DE PERSONA
Nombre de persona Rojas Aravena, Francisco
9 (RLIN) 31494
Holdings
Estado de retiro Estado de pérdida Restricciones de uso No para préstamo Código de colección Localización permanente Ubicación/localización actual Ubicación en estantería Fecha de adquisición Número de inventario Total de préstamos Signatura topográfica completa Código de barras Fecha visto por última vez Precio válido a partir de Tipo de ítem Koha
      Excluido de préstamo Monografías: Libros y Folletos General General En catalogación 13.01.2010 LF1   304.28 E19i 14517-10 25.06.2020 25.06.2020 No se presta

Powered by Koha